000 00364nam a2200133Ia 4500
008 230917s9999||||xx |||||||||||||| ||und||
040 _e181101
_aMAIN
041 _aEnglish
082 _a658.4092 H264H
245 0 _aHarvard business review on what makes a leader
260 _aBoston
_bHarvard Business School Press
_c2001
300 _avii, 210 p.
942 _cBK
999 _c164176
_d164176